000 02167cam a2200373 i 4500
003 EG-GICUC
005 20260128104503.0
008 071024s2008 enka frb 001 0 eng d
020 _a9780199232505
_qalk. paper
040 _aDLC
_cDLC
_dDLC
_dEG-GICUC
_beng
_erda
050 0 0 _aKZ6471
_b.H36 2008
082 0 0 _a341.48
_221
092 0 4 _221
099 _aLaw 11 2008
245 0 4 _aThe handbook of international humanitarian law /
_cedited by Dieter Fleck, in collaboration with Michael Bothe ... [et al.].
250 _a2nd edition.
264 _aOxford ;
_aNew York :
_bOxford University Press,
_c2008.
300 _axxxix, 770 pages :
_billustration ;
_c24 cm.
336 _atext
_2rdacontent
337 _aComputer
_2rdamedia
338 _aOnline Resource
_2rdacarrier
500 _aRev. ed. of: Handbook of humanitarian law in armed conflicts. 1999.
504 _aIncludes bibliographical references (p. 725-758) and index.
505 0 _aHistorical development and legal basis / Christopher Greenwood -- Scope of application of humanitarian law / Christopher Greenwood -- Combatants and non-combatants / Knut Ipsen -- Methods and means of combat / Stefan Oeter -- Protection of the civilian population / Hans-Peter Gasser -- Protection of the wounded, sick, and shipwrecked / Jann K. Kleffner -- Protection of prisoners of war / Horst Fischer -- Religious personnel / Nilendra Kumar -- Protection of cultural property / Roger O'Keefe -- The law of armed conflict at sea / Wolff Heintschel von Heinegg -- The law of neutrality / Michael Bothe -- The law of non-international armed conflicts / Dieter Fleck -- International peace operations / Ben F. Klappe -- Enforcement of international humanitarian law / Rudiger Wolfrum and Dieter Fleck.
650 0 _aHumanitarian law.
650 0 _aWar (International law)
700 1 _aFleck, Dieter.
700 1 _aBothe, Michael.
730 0 2 _aHandbook of humanitarian law in armed conflicts.
856 4 1 _uhttps://fll.law.cu.edu.eg/fulltext/bks/ENGB11-00102.pdf
856 4 1 _3Table of contents only
_uhttp://www.loc.gov/catdir/toc/ecip083/2007043887.html
905 _a10
942 _2ddc
_cBK
_e21
_n0
999 _c59912
_d59912